000 00792nam a22002417a 4500
001 3349
003 FISKH
005 20240229152146.0
008 240229b cb ||||| |||| 00| 0 eng d
040 _aFISK
_beng
_cFISK
_dFISK
050 _aPS3558.E4185
082 _a823
100 _aHegi Ursula :
_d1946-
245 _aStones from the River /
260 _aNew York :
_bSimon & Schuster
_c1994
300 _a525 pages :
_c21 cm
501 _aZ
520 _aA dwarf becomes the librarian of a small German town. The work makes her privy to many of the town's secrets and she uses them to set people against each other. It's her way of paying them back for the taunts and humiliations.
521 8 _a1140
_bZ
700 _aUrsula Hegi
942 _2ddc
_cBK
_n0
999 _c3349
_d3349